Statistics for Countries With Most Natural Gas Reserves

Click here to take the quiz!

General Stats

  • This quiz has been taken 49 times
  • The average score is 8 of 10

Answer Stats

ContinentAnswer% Correct
North AmericaUnited States Of America
100%
EuropeRussia
98%
AsiaChina
93%
AsiaSaudi Arabia
91%
AsiaIran
84%
AsiaQatar
84%
AsiaUnited Arab Emirates
80%
AfricaNigeria
71%
AsiaUzbekistan
51%
AsiaTurkmenistan
47%

Score Distribution

Percentile by Number Answered

Percent of People with Each Score

Your Score History

You have not taken this quiz